Statistics for African Countries Logic Puzzle

Click here to take the quiz!

General Stats

  • This quiz has been taken 51 times
    (36 since last reset)
  • The average score is 17 of 40

Answer Stats

HintAnswer% Correct
Type "Zambia"Zambia: The answers for blue boxes are the 4 largest countries, the red boxes are the 4 most populous countries, and the purple box is the only one that is both in the 4 largest and the 4 most populous.
100%
8Sudan: All of the Sahel Countries are in answer boxes with a multiple of 8. All of the countries that are in an answer box with a multiple of 9 start with a "B".
68%
10DRC: Any Country that the Nile River flows through is in answer boxes 2-10.
64%
22Nigeria: Any country whose name starts with an "E" is in boxes 5, 7, and 14. Eritrea is not in this quiz.
64%
26Algeria
59%
5Egypt
59%
7Ethiopia: Countries that only border one other country are in boxes # 11 and # 39.
59%
21Libya: The country that is closest to the place where the equator meets the prime meridian is in box 35.
59%
11The Gambia: Burundi borders countries #2, #6, and #10.
59%
9Burundi: The newest African Country is in an odd-numbered box.
55%
14Equatorial Guinea
55%
39Lesotho
55%
6Rwanda
55%
34Comoros
50%
18Benin
45%
27Burkina Faso
45%
3South Sudan: Countries 36-40 are landlocked. Burkina Faso is in an odd numbered box.
45%
2Tanzania: The four island countries that are in the Indian Ocean are in boxes 30, 31, 33, and 34.
45%
36Botswana: Country #40 borders Sudan.
41%
37CAR: The only country to physically be in both Asia and Africa is in box #5.
41%
40Chad: The three remaining countries that start with a "C" are in boxes 23, 34, and 37. Ivory Coast/ Côte d'Ivoire and Cameroon are not in this quiz.
41%
31Madagascar
41%
24Mauritania
41%
33Mauritius: Countries that border the Atlantic Ocean are in boxes 10, 11, 12, 14, 15, 17, 18, 19, 20, 22, 23, 24, 25, 28, and 35.
41%
30Seychelles: All countries that start with an "S" are in this quiz, and they are in boxes 3, 8, 13, 15, 17, 19, 20, 30, and 38.
41%
35Ghana: The two countries that start with an "R" are in boxes with a multiple of 6.
36%
25Morocco: The only countries that I border are in boxes 24 and 26.
36%
4Uganda: The only country to border Spain is in box #25.
36%
16Niger
32%
23Cape Verde
27%
32Mali
27%
12Republic of the Congo: Mali is in a box that only touches boxes with "M" starting countries.
23%
17Sierra Leone
23%
13Somalia
23%
20South Africa
23%
38Swaziland: Malawi and Gabon are in this quiz, and Gabon is in a lower numbered box than Malawi.
23%
28Gabon
18%
29Malawi: Countries that are on the equator are in boxes 4, 10, 12, 13, 19, and 28. The biggest island country in this quiz is in a prime-numbered box.
18%
19São Tome and Principe: Senegal, Sierra Leone, and South Africa are in alphabetical order from top to bottom.
18%
15Senegal
14%

Score Distribution

Percentile by Number Answered

Percent of People with Each Score

Your Score History

You have not taken this quiz since the last reset